00429nam a2200181Ia 4500008004100000020001400041050001600055100001900071245002900090245002200119260001500141260001600156260000900172300001500181300002000196300001000216300002100226170918s9999 xx 000 0 und d a43940150X bB218ha 2002 aBanks, Cameron aAmerica's most haunted / cby Cameron Banks. aNew York : bScholastic, c2002 a71 pages : billustrations ; c19cm. eHaunted history.